=LDR 00000nam 2200000 4500 =001 INLIS000000000033921 =005 20130612135840 =008 ***********************************ind** =035 ##$$0010-061300000033921 =041 ##$$a ind =082 ##$$a 800 =090 ##$$a 800, Zai s =100 ##$$a Zaimar, Okke K.s =245 ##$$a Semiotik dan penerapannya dalam karya sastra, Okke Ks Zaimar =260 ##$$a 2008 $b Jakarta =300 ##$$a ix,138 hlm, Ilus, 24 cm =650 ##$$a Karya Sastra =850 ##$$a NBPNMAT